000
00272 a2200085 4500
020
_a
9780300203950
100
_a
Ann C. Huppert
245
_a
Becoming an Architect in Renaissance Italy: Art, Science, and the Career of Baldassarre Peruzzi
260
_b
Yale University Press
_c
2015
999
_c
13475
_d
13475